Normal view MARC view
  • Boundary value problems

Entry Topical Term

Number of records used in: 4

001 - CONTROL NUMBER

  • control field: 10573

003 - CONTROL NUMBER IDENTIFIER

  • control field: NUST

005 - DATE AND TIME OF LATEST TRANSACTION

  • control field: 20180529034807.0

008 - FIXED-LENGTH DATA ELEMENTS

  • fixed length control field: 180529|| aca||aabn | a|a d

040 ## - CATALOGING SOURCE

  • Original cataloging agency: NUST
  • Transcribing agency: NUST

150 ## - HEADING--TOPICAL TERM

  • Topical term or geographic name entry element: Boundary value problems
  • Form subdivision: Textbooks.

670 ## - SOURCE DATA FOUND

  • Source citation: Work cat.: (NUST)0: Zill, Dennis G., 1940- 4603, Differential equations with boundary-value problems , c2009.
© 2023 Central Library, National University of Sciences and Technology. All Rights Reserved.